000 00255nam a22001097a 4500
008 170105b xxu||||| |||| 00| 0 eng d
020 _a2900131089906
041 _aeng
080 _27TH
_a618.2
245 _aFIRST RESPONDER
_cKRAUSE, B.B &
942 _2udc
_cBK
999 _c2572
_d2572